A Study of foot-rot disease of piper betle (pan) in the Northern part of Bangladesh / (Record no. 79826)
[ view plain ]
| 000 -LEADER | |
|---|---|
| fixed length control field | 01037nam a2200265 a 4500 |
| 001 - CONTROL NUMBER | |
| RUCL Control Number | 79826 |
| 003 - CONTROL NUMBER IDENTIFIER | |
| rucl marc code | BD-RjUL |
| 005 - DATE AND TIME OF LATEST TRANSACTION | |
| control field | 20230605102623.0 |
| 008 - FIXED-LENGTH DATA ELEMENTS--GENERAL INFORMATION | |
| fixed length control field | 220521s2007 bg a|||| m||| 00| 0 eng d |
| 035 ## - SYSTEM CONTROL NUMBER | |
| system control number | (BD-RjUL)79826 |
| 040 ## - CATALOGING SOURCE | |
| Original cataloging agency | BD-RjUL |
| Language of cataloging | eng |
| Transcribing agency | BD-RjUL |
| Modifying agency | BD-RjUL |
| 041 ## - LANGUAGE CODE | |
| Language code of Book | eng |
| 082 ## - DEWEY DECIMAL CLASSIFICATION NUMBER | |
| DDC Edition number | 23 |
| Classification number | 632.45 |
| Author mark and Year | SAS 2007 |
| 100 ## - MAIN ENTRY--PERSONAL NAME | |
| Personal name | Sarkar, Md. Montaz Ali |
| 9 (RLIN) | 3096 |
| 245 10 - TITLE STATEMENT | |
| Title | A Study of foot-rot disease of piper betle (pan) in the Northern part of Bangladesh / |
| Statement of responsibility, etc | By Md. Montaz Ali Sarkar |
| Name of Supervisor/Co-Supervisor | Supervisors : M. Shahidul Alam, Supervisors : M. Shah Alam |
| 260 ## - PUBLICATION, DISTRIBUTION, ETC. (IMPRINT) | |
| Place of publication, distribution, etc | Rajshahi : |
| Name of publisher, distributor, etc | Dept. of Botany, University of Rajshahi, |
| Date of publication, distribution, etc | 2007 |
| 300 ## - PHYSICAL DESCRIPTION | |
| Pagination | [2], xi, [1], 131 leaves : |
| Other physical details | ill. ; |
| Dimensions | 29 cm. |
| 502 ## - DISSERTATION NOTE | |
| Dissertation note | Thesis (M. Phil.) -- Dept. of Botany,University of Rajshahi, 2007 |
| 504 ## - BIBLIOGRAPHY, ETC. NOTE | |
| Bibliography, etc | References: Leaves 106-131 |
| 650 ## - SUBJECT ADDED ENTRY--TOPICAL TERM | |
| Topical term or geographic name as entry element | Disease |
| General subdivision | Foot-rot |
| Geographic subdivision | Bangladesh |
| 9 (RLIN) | 3097 |
| Topical term or geographic name as entry element | Disease |
| General subdivision | piper betle |
| Geographic subdivision | Bangladesh |
| 9 (RLIN) | 3098 |
| 700 ## - ADDED ENTRY--SUPERVISOR/CO-SUPERVISOR NAME | |
| Personal name | Alam, M. Shahidul, Supervisors |
| 9 (RLIN) | 3099 |
| Personal name | Alam, M. Shah, Supervisors |
| 9 (RLIN) | 3100 |
| 942 ## - ADDED ENTRY ELEMENTS (KOHA) | |
| Source of classification or shelving scheme | Dewey Decimal Classification |
| Koha item type | Theses |
| Source of classification or shelving scheme | Damaged status | Not for loan | Collection code | Permanent Location | Current Location | Shelving location | Date of accession | Source of acquisition | Total Checkouts | Full call number | Barcode | Date last seen | Copy number | Thesis |
|---|---|---|---|---|---|---|---|---|---|---|---|---|---|---|
| Dewey Decimal Classification | Not For Loan | Theses | Central Library, University of Rajshahi | Central Library, University of Rajshahi | Documentation Section | 26/04/2008 | Controller of Exam. R.U. | THE 632.45 SAS 2007 | D2908 | 21/05/2022 | C-1 | Theses |